Catálogo de la Biblioteca Horacio González - Universidad Nacional de General Sarmiento

Mimi metalúrgico : (Registro nro. 16786)

Detalles MARC
000 -CABECERA
campo de control de longitud fija 01290nam a22002890a 4500
001 - NÚMERO DE CONTROL
campo de control PT15545
003 - IDENTIFICADOR DEL NÚMERO DE CONTROL
campo de control AR-LpoUNG
005 - FECHA Y HORA DE LA ÚLTIMA TRANSACCIÓN
campo de control 20210131232646.0
008 - DATOS DE LONGITUD FIJA--INFORMACIÓN GENERAL
campo de control de longitud fija 191001s1974||||ag |||||||||||||||||ita d
037 ## - FUENTE DE ADQUISICIÓN
Condiciones de disponibilidad $9.96
040 ## - FUENTE DE LA CATALOGACIÓN
Centro catalogador/agencia de origen AR-LpoUNG
Lengua de catalogación spa
Centro/agencia transcriptor AR-LpoUNG
Normas de descripción aacr
041 ## - CÓDIGO DE LENGUA
Código de lengua del texto/banda sonora o título independiente ita
044 ## - CÓDIGO DEL PAÍS DE LA ENTIDAD EDITORA/PRODUCTORA
Código MARC del país ag
082 0# - NÚMERO DE LA CLASIFICACIÓN DECIMAL DEWEY
Número de clasificación 305.562 499mim
100 1# - ENTRADA PRINCIPAL--NOMBRE DE PERSONA
Nombre de persona Wertmuller, Lina
Término indicativo de función/relación dir.
245 10 - MENCIÓN DE TÍTULO
Título Mimi metalúrgico :
Resto del título herido en su honor
260 ## - PUBLICACIÓN, DISTRIBUCIÓN, ETC.
Lugar de publicación, distribución, etc. Buenos Aires :
Nombre del editor, distribuidor, etc. Video Clauen,
Fecha de publicación, distribución, etc. [1974].
520 ## - SUMARIO, ETC.
Sumario, etc. El film es un cruel grotesco, narra la historia de un obrero que emigra del sur de Italia al norte, en busca de trabajo, y para conseguirlo y conservarlo decide traicionar sus principios y la solidaridad con su clase. A Mimì, un operario siciliano de izquierda, lo despiden por sus ideas políticas y eso lo obliga a emigrar a Turín donde vivirá determinados trastornos en su vida que terminarán por cambiar sus relaciones de clase. En ese marco el film toca distintas relaciones y roles que van jugando en la historia de Mimi: el partido, el sindicato, la familia, el trabajo y la mafia.
650 #4 - PUNTO DE ACCESO ADICIONAL DE MATERIA--TÉRMINO DE MATERIA
Término de materia o nombre geográfico como elemento de entrada CLASES SOCIALES
650 #4 - PUNTO DE ACCESO ADICIONAL DE MATERIA--TÉRMINO DE MATERIA
Término de materia o nombre geográfico como elemento de entrada IDEOLOGIAS
650 #4 - PUNTO DE ACCESO ADICIONAL DE MATERIA--TÉRMINO DE MATERIA
Término de materia o nombre geográfico como elemento de entrada IDEOLOGIAS POLITICAS
650 #4 - PUNTO DE ACCESO ADICIONAL DE MATERIA--TÉRMINO DE MATERIA
Término de materia o nombre geográfico como elemento de entrada ITALIA
651 #4 - PUNTO DE ACCESO ADICIONAL DE MATERIA--NOMBRE GEOGRÁFICO
Nombre geográfico Italia
653 ## - TÉRMINO DE INDIZACIÓN--NO CONTROLADO
Término no controlado VIDEOS
905 ## - ELEMENTOS DE DATOS E LOCAL, LDE (RLIN)
a 15545
942 ## - ELEMENTOS DE PUNTO DE ACCESO ADICIONAL (KOHA)
Tipo de ítem Koha Video
Existencias
Estado de retiro Estado de pérdida Fuente del sistema de clasificación o colocación Estado dañado No para préstamo Código de colección Localización permanente Ubicación/localización actual Fecha de adquisición Total de préstamos Signatura topográfica completa Código de barras Fecha visto por última vez Precio válido a partir de Tipo de ítem Koha
    Dewey Decimal Classification     Colección Cine Biblioteca Universidad Nacional de General Sarmiento Biblioteca Universidad Nacional de General Sarmiento 31/01/2021   305.562 499mim 00018395 31/01/2021 31/01/2021 Video